Statistiques concernant Focus sur: l'Allemagne

Cliquez ici pour prendre le quiz!

Statistiques générales

  • Ce quiz a été pris 153 fois
    (108 depuis la dernière actualisation)
  • Le résultat moyen est 20 sur 27

Statistiques - réponses

Informations recherchéesRéponses% Correct
Langue officielleAllemand
100%
Nom des habitants du paysAllemand
100%
CapitaleBerlin
99%
Monnaie (pays)Euro
99%
Couleur du drapeau (bas)Jaune
99%
Couleur du drapeau (haut)Noir
99%
Couleur du drapeau (milieu)Rouge
99%
Frontière terrestre NordDanemark
97%
Frontière terrestre Ouest 4France
97%
Frontière terrestre Sud 2Autriche
96%
Frontière terrestre Est 2Pologne
96%
Frontière terrestre Ouest 1Belgique
94%
Frontière terrestre Ouest 3Luxembourg
94%
Frontière terrestre Sud 1Suisse
94%
Nom des habitants de la capitaleBerlinois
93%
Frontière terrestre Ouest 2Pays-Bas
92%
Frontière terrestre Est 1République Tchèque
90%
Régime politiqueRépublique constitutionnelle parlementaire fédérale
68%
Nombre d'habitants (arrondi à la dizaine de million près)82 800 000 habitants
54%
Superficie (arrondi à la centaine de millier de kilomètres carrés près)357 340 kilomètres carrés
47%
Nombre d'habitants de la capitale (arrondi au million près)3 470 000 habitants
44%
Nom completRépublique fédérale d'Allemagne
44%
Frontière maritimeRoyaume-Uni
34%
Indicateur téléphonique+49
28%
Monnaie (seulement certains endroits)Franc Suisse
14%
Hymne nationalDeutschlandlied
8%
Devise nationaleEinigkeit und Recht und Frei
6%

Distribution des résultats

Percentile par nombre de réponses

% des personnes avec chaque résultat

Votre développement - résultats

Vous n’avez pas pris ce quiz depuis la dernière actualisation